000 00887nam a2200265 a 4500
001 587
005 20221127085958.0
008 050920s lxxua | | 00100 eng d
020 _a0072290706(hpc) :
_cSR132.00
035 _a600
082 0 4 _a658.7
_bB95 2003
100 1 _aBurt, David N.
245 1 0 _aWorld class supply management :
_bthe key to supply chain managemen /
_cDavid Burt, Donald Dober, Stephen Starling.
247 1 0 _aPurchasing and supply management.
250 _a7th ed.
260 _aBoston, Mass. :
_bMcGraw-Hill/Irwin,
_c2003.
300 _axlvi, 689 p. :
_bill. ;
_c24 cm.
_e2CD.
500 _aIncludes index.
500 _aRevised ed. of : Purchasing and supply management.
650 4 _aMaterials management.
650 4 _aPurchasing.
650 4 _aMarketing channels.
700 1 _aDobler, Donald W.,
_ejt. auth.
700 1 _aStarling, Stephen L.,
_ejt. auth
999 _c587
_d587